| 000 | 01043nam a2200289 a 4500 | ||
|---|---|---|---|
| 001 | 58688 | ||
| 003 | BD-RjUL | ||
| 005 | 20211209080640.0 | ||
| 008 | 161219s2003 enka b 001 0 eng | ||
| 020 | _a0415282837 | ||
| 035 | _a(BD-RjUL) 58812 | ||
| 040 |
_aDLC _cDLC _dUKM _dC#P _dOCLCQ _dBAKER _dNLGGC _dDLC _dBD-RjUL _beng |
||
| 041 | _aeng | ||
| 082 | 0 | 0 |
_a338 _223 _bSYS 2003 |
| 245 | 0 | 0 |
_aSystems of production : _bmarkets, organisations and performance / _cedited by Brendan Burchell ... [et al.]. |
| 260 |
_aLondon ; _aNew York : _bRoutledge, _cc2003. |
||
| 300 |
_axii, 285 p. : _bill. ; _c24 cm. |
||
| 490 | _aContemporary political economy series | ||
| 504 | _aIncludes bibliographical references and index. | ||
| 650 | 0 |
_aIndustrial organization (Economic theory) _9174440 |
|
| 650 | 0 |
_aOrganizational effectiveness. _9174441 |
|
| 650 | 0 |
_aLabor economics. _9172852 |
|
| 650 | 0 |
_aIndustrial relations. _9172462 |
|
| 700 | 1 |
_aBurchell, Brendan. _9174442 |
|
| 830 |
_aContemporary political economy series _9174443 |
||
| 942 |
_2ddc _cBK |
||
| 999 |
_c58688 _d58688 |
||